000
00265nam a2200097Ia 4500
001
676441
005
20250826160959.0
008
250824s9999 xx 000 0 und d
245
0
_a
MEMLEKET ŞİİRLERİ ANTOLOJİSİ
_c
BEKİR BİÇER
260
_b
GENÇ TİMAŞ YAYINLARI
999
_c
676441
_d
676441